00725nam a2200217 a 450000100100000000500170001000800410002702000150006804000130008308200180009610000300011424500570014426000430020130000280024450000630027250400560033560000300039165100300042165100300045165100260048100001781620240502094959.0100406s2002 cu a 001 0dspa d a9590605087 aDO-SdBNP a972.91bF634y1 aFlórez Ibarra, Fernando10aYo fui enemigo de Fidel /cFernando Flórez Ibarra. aLa Habana :bCiencias Sociales,c2002. a174 p. :bil. ;c22 cm. aIncluye datos biográficos del autor en la contraportada. aIncluye bibliografía y notas al pie de páginas.10aCastro, Fideld 1926-2016 4aCubaxHistoriay1933-1959 4aCubaxHistoriay1959-1990 4aCubaxHistoriay1990-